000 00577nam a2200217Ia 4500
005 20250505125025.0
008 008 250505s9999 xx 000 0 eng d
037 _aTextbook
040 _aLCO
_beng
_cLCO
041 _aeng
_2eng
084 _aZ Q6
_qLCO
100 _aSreenivasulu, N.S.
_9475589
245 0 _aLaw Relating to biotechnology
_c N.S. Sreenivasulu
250 _a1st
260 _aNew Delhi, India
_bOxford University Press
_c2016
300 _a345
365 _aINR
_b895
650 _aLaw
942 _cTB
_hZ Q6
999 _c1311138
_d1311138